Top 100 des meilleures saisons rookies NBA au scoring - Statistiques

Statistiques générales
  • Ce quiz a été pris 375 fois
    263 depuis la dernière actualisation
  • Le résultat moyen est 33 sur 100
Statistiques - réponses
Points Joueur Équipe du premier match Date du premier match % Correct
2313 Michael Jordan Chicago Bulls 26 Octobre 1984
95%
2707 Wilt Chamberlain Philadelphia Warriors 24 Octobre 1959
95%
1654 LeBron James Cleveland Cavaliers 29 Octobre 2003
90%
1893 Shaquille O'Neal Orlando Magic 6 Novembre 1992
81%
2361 Kareem Abdul-Jabbar Milwaukee Bucks 18 Octobre 1969
80%
1624 Kevin Durant Seattle SuperSonics 31 Octobre 2007
79%
1562 Damian Lillard Portland Trail Blazers 31 Octobre 2012
77%
1399 Stephen Curry Golden State Warriors 28 Octobre 2009
77%
1725 Carmelo Anthony Denver Nuggets 29 Octobre 2003
75%
1993 David Robinson San Antonio Spurs 4 Novembre 1989
74%
1755 Glenn Robinson Milwaukee Bucks 5 Novembre 1994
74%
1526 Luka Doncic Dallas Mavericks 17 Octobre 2018
74%
1692 Hakeem Olajuwon Houston Rockets 27 Octobre 1984
71%
1731 Tim Duncan San Antonio Spurs 31 Octobre 1997
71%
1361 Derrick Rose Chicago Bulls 28 Octobre 2008
70%
2165 Oscar Robertson Cincinnati Royals 19 Octobre 1960
70%
1787 Allen Iverson Philadelphia 76ers 1 Novembre 1996
67%
1503 Karl-Anthony Towns Minnesota Timberwolves 28 Octobre 2015
67%
1745 Larry Bird Boston Celtics 12 Octobre 1979
66%
1549 Trae Young Atlanta Hawks 17 Octobre 2018
64%
1616 Donovan Mitchell Utah Jazz 18 Octobre 2017
63%
1387 Magic Johnson Los Angeles Lakers 12 Octobre 1979
63%
1392 Anthony Edwards Minnesota Timberwolves 23 Décembre 2020
61%
1845 Blake Griffin Los Angeles Clippers 27 Octobre 2010
61%
1389 Jerry West Los Angeles Warriors 19 Octobre 1960
61%
1576 Larry Johnson Charlotte Hornets 1 Novembre 1991
61%
1432 Paolo Banchero Orlando Magic 19 Octobre 2022
61%
1352 Gus Johnson Baltimore Bullets 16 Octobre 1963
60%
1557 Marques Johnson Milwaukee Bucks 18 Octobre 1977
60%
1441 Pau Gasol Memphis Grizzlies 1 Novembre 2001
51%
1387 Andrew Wiggins Minnesota Timberwolves 29 Octobre 2014
50%
1770 Julius Erving Philadelphia 76ers 22 Octobre 1976
48%
1434 Dominique Wilkins Atlanta Hawks 29 Octobre 1982
47%
1466 Bob Pettit Milwaukee Hawks 30 Octobre 1954
45%
2125 David Thompson Denver Nuggets 22 Octobre 1976
45%
1898 George Gervin San Antonio Spurs 22 Octobre 1976
45%
1742 Elgin Baylor Minneapolis Lakers 22 Octobre 1958
41%
2327 Elvin Hayes San Diego Rockets 17 Octobre 1968
38%
1441 Bob McAdoo Buffalo Braves 10 Octobre 1972
37%
1959 Walter Davis Phoenix Suns 18 Octobre 1977
36%
2059 Rick Barry San Francisco Warriors 15 Octobre 1965
35%
1698 George Mikan Minneapolis Lakers 4 Novembre 1948
34%
1394 Grant Hill Detroit Pistons 4 Novembre 1994
33%
1560 Willis Reed New York Knicks 17 Octobre 1964
31%
1909 Bernard King New Jersey Nets 18 Octobre 1977
30%
1639 Alonzo Mourning Charlotte Hornets 13 Novembre 1992
29%
1564 Adrian Dantley Buffalo Braves 21 Octobre 1976
27%
1880 Pete Maravich Atlanta Hawks 17 Octobre 1970
27%
1720 Ralph Sampson Houston Rockets 29 Octobre 1983
27%
1450 Tyreke Evans Sacramento Kings 28 Octobre 2009
26%
1527 Artis Gilmore Chicago Bulls 22 Octobre 1976
24%
1741 Mitch Richmond Golden State Warriors 5 Novembre 1988
24%
1371 Collin Sexton Cleveland Cavaliers 17 Octobre 2018
23%
1495 John Williamson New York Nets 22 Octobre 1976
22%
1352 Elmore Smith Buffalo Braves 12 Octobre 1971
21%
1421 Lionel Simmons Sacramento Kings 2 Novembre 1990
21%
1435 Antoine Walker Boston Celtics 1 Novembre 1996
20%
2495 Walt Bellamy Chicago Packers 19 Octobre 1961
18%
1373 Dave Cowens Boston Celtics 13 Octobre 1970
17%
1627 Elton Brand Chicago Bulls 3 Novembre 1999
17%
1388 Steve Francis Houston Rockets 2 Novembre 1999
17%
1601 Dave Bing Detroit Pistons 15 Octobre 1966
15%
1400 Jerry Lucas Cincinnati Royals 16 Octobre 1963
15%
1599 Maurice Lucas Portland Trail Blazers 23 Octobre 1976
15%
1991 Earl Monroe Baltimore Bullets 18 Octobre 1967
14%
1765 Dan Issel Denver Nuggets 22 Octobre 1976
13%
1364 Derrick Coleman New Jersey Nets 2 Novembre 1990
11%
1471 Lou Hudson St. Louis Hawks 15 Octobre 1966
9%
1874 Ron Harper Cleveland Cavaliers 1 Novembre 1986
9%
1494 Shareef Abdur-Rahim Vancouver Grizzlies 1 Novembre 1996
9%
1392 Tom Chambers San Diego Clippers 31 Octobre 1981
9%
1472 Christian Laettner Minnesota Timberwolves 6 Novembre 1992
8%
1769 George McGinnis Philadelphia 76ers 24 Octobre 1975
8%
1516 O.J. Mayo Memphis Grizzlies 29 Octobre 2008
7%
1660 Terry Cummings San Diego Clippers 5 Novembre 1982
6%
1519 Alvan Adams Phoenix Suns 25 Octobre 1975
5%
1384 Jerry Stackhouse Philadelphia 76ers 3 Novembre 1995
5%
1442 John Drew Atlanta Hawks 18 Octobre 1974
5%
1995 Connie Hawkins Phoenix Suns 16 Octobre 1969
4%
1671 Darrell Griffith Utah Jazz 10 Octobre 1980
4%
2031 Geoff Petrie Portland Trail Blazers 16 Octobre 1970
4%
1513 Jamal Mashburn Dallas Mavericks 5 Novembre 1993
4%
1389 Joe Fulks Philadelphia Warriors 7 Novembre 1946
4%
1508 Willie Anderson San Antonio Spurs 5 Novembre 1988
4%
1781 Bill Cartwright New York Knicks 12 Octobre 1979
3%
2075 Billy Knight Indiana Pacers 21 Octobre 1976
3%
1772 Kelly Tripucka Detroit Pistons 30 Octobre 1981
3%
1404 Xavier McDaniel Seattle SuperSonics 26 Octobre 1985
3%
1541 Chuck Person Indiana Pacers 31 Octobre 1986
2%
1547 Joe Barry Carroll Golden State Warriors 10 Octobre 1980
2%
1347 Kerry Kittles New Jersey Nets 1 Novembre 1996
2%
1705 Larry Kenon San Antonio Spurs 22 Octobre 1976
2%
2009 Sidney Wicks Portland Trails Blazers 15 Octobre 1971
2%
1452 Terry Dischinger Chicago Zephyrs 20 Octobre 1962
2%
1484 Bob Rule Seattle SuperSonics 13 Octobre 1967
1%
1625 Clark Kellogg Indiana Pacers 29 Octobre 1982
1%
1732 Jay Vincent Dallas Mavericks 30 Octobre 1981
1%
1496 Alex Groza Indianapolis Olympians 1 Novembre 1949
0%
1553 Calvin Natt New Jersey Nets 12 Octobre 1979
0%
1818 Ron Boone Kansas City Kings 22 Octobre 1976
0%
Aucun quiz correspondant
Distribution des résultats
% des personnes avec chaque résultat
Percentile par nombre de réponses
Votre historique - résultats
Vous n’avez pas pris ce quiz depuis la dernière actualisation